[Event "Deutsche Ländermeisterschaft 2019"]
[Site "Würzburg GER"]
[Date "2019.10.04"]
[Round "4.1"]
[White "Nguyen, Alex Dac-Vuong"]
[Black "Sieber, Fiona"]
[Result "0-1"]
[WhiteElo "2128"]
[BlackElo "2228"]
[PlyCount "82"]
[EventDate "2019.10.01"]
[EventType "team-swiss"]
[EventRounds "7"]
[EventCountry "GER"]
[WhiteTeam "Sachsen"]
[BlackTeam "Sachsen-Anhalt"]
[WhiteClock "0:00:39"]
[BlackClock "0:02:33"]

1. c4 Nf6 2. Nc3 e5 3. Nf3 Nc6 4. e4 Bc5 5. Nxe5 Nxe5 6. d4 Bb4 7. dxe5 Nxe4 8.
Qf3 f5 9. Be2 O-O 10. O-O Bxc3 11. bxc3 b6 12. Ba3 c5 13. Qd3 Bb7 14. Rad1 Bc6
15. Bc1 Qe7 16. f3 Ng5 17. Rfe1 Rae8 18. Qd6 Qxd6 19. Rxd6 Nf7 20. Rxc6 dxc6
21. f4 g5 22. Bh5 Re7 23. g4 fxg4 24. e6 Nd8 25. f5 h6 26. Bxg4 Kg7 27. h4 Kf6
28. hxg5+ hxg5 29. Be3 Nb7 30. Kg2 Nd6 31. Bg1 Nxc4 32. Bh2 Rd8 33. Re2 Rd3 34.
Kf2 Rh7 35. Bg3 Rxc3 36. Bf3 Rd3 37. Bxc6 Rd2 38. Rxd2 Nxd2 39. Bd5 Kxf5 40.
Ke3 Nf1+ 41. Kd3 Nxg3 {normal Kd4 Ke5+} 0-1

[Event "Deutsche Ländermeisterschaft 2019"]
[Site "Würzburg GER"]
[Date "2019.10.04"]
[Round "5.2"]
[White "Wiesner, Paula"]
[Black "Sereda, Yaroslava"]
[Result "1/2-1/2"]
[WhiteElo "1958"]
[BlackElo "1687"]
[PlyCount "116"]
[EventDate "2019.10.01"]
[EventType "team-swiss"]
[EventRounds "7"]
[EventCountry "GER"]
[WhiteTeam "Berlin"]
[BlackTeam "Nordrhein-Westfalen"]
[WhiteClock "0:31:40"]
[BlackClock "0:03:04"]

1. d4 Nf6 2. c4 g6 3. Nc3 d5 4. cxd5 Nxd5 5. e4 Nxc3 6. bxc3 Bg7 7. Bc4 c5 8.
Ne2 O-O 9. O-O Nc6 10. Be3 Qc7 11. Qc2 b6 12. dxc5 Ne5 13. Bd5 Rb8 14. cxb6
axb6 15. Rfd1 e6 16. Bb3 Ba6 17. Bd4 Ng4 18. f4 Bxd4+ 19. Rxd4 Bxe2 20. Qxe2
Qxf4 21. g3 Qg5 22. Qd2 Qxd2 23. Rxd2 Ne5 24. Rd6 Rfc8 25. Rc1 b5 26. a4 bxa4
27. Bxa4 Rc5 28. Ra6 Rbc8 29. Kg2 Rxc3 30. Rxc3 Rxc3 31. Ra5 Ra3 32. Rxe5 Rxa4
33. Kf3 Kg7 34. Kf4 Kf6 35. Rb5 h6 36. h4 g5+ 37. hxg5+ hxg5+ 38. Kf3 Kg6 39.
Rb6 Kh5 40. Rb7 Ra3+ 41. Kf2 f5 42. exf5 exf5 43. Rb4 Rc3 44. Ra4 g4 45. Ra6
Rf3+ 46. Kg2 Kg5 47. Rb6 Rc3 48. Kf2 Rc2+ 49. Kf1 Rc5 50. Kf2 Rc8 51. Re6 Rf8
52. Ke3 Rf6 53. Re8 Rd6 54. Rf8 Rf6 55. Rg8+ Rg6 56. Rf8 Rf6 57. Rg8+ Rg6 58.
Rf8 Rf6 {normal Ke4} 1/2-1/2

[Event "Deutsche Ländermeisterschaft 2019"]
[Site "Würzburg GER"]
[Date "2019.10.05"]
[Round "6.5"]
[White "Brunner, Sophia"]
[Black "Schwartz, Oliver"]
[Result "1/2-1/2"]
[WhiteElo "1968"]
[BlackElo "1650"]
[PlyCount "156"]
[EventDate "2019.10.01"]
[EventType "team-swiss"]
[EventRounds "7"]
[EventCountry "GER"]
[WhiteTeam "Niedersachsen"]
[BlackTeam "Württemberg"]
[WhiteClock "0:08:05"]
[BlackClock "0:04:09"]

1. d4 Nf6 2. Nf3 b6 3. c4 Bb7 4. Nc3 e6 5. Bg5 d5 6. e3 Be7 7. Bd3 c5 8. dxc5
bxc5 9. cxd5 Nxd5 10. Bxe7 Qxe7 11. Bb5+ Nd7 12. Ne5 N5b6 13. Bxd7+ Nxd7 14.
Qxd7+ Qxd7 15. Nxd7 Kxd7 16. O-O-O+ Ke7 17. f3 Bc6 18. Rd2 Rhc8 19. Rhd1 Rab8
20. e4 Rb4 21. Rd6 h6 22. a3 Rb7 23. R1d2 Rb6 24. e5 Rb3 25. Kc2 Rb6 26. Kc1
Rb3 27. Ne2 Re3 28. f4 Rc7 29. g3 Bd5 30. Nc3 Bb3 31. Re2 Rf3 32. Re1 Rf2 33.
Rd2 Rf3 34. Nb5 Rb7 35. Nd6 Rc7 36. Nb5 Rb7 37. Nd6 Rc7 38. Ne4 Bd5 39. Nc3 Bb3
40. Rde2 Rd3 41. Rd2 Rf3 42. Nd1 c4 43. Nc3 Rc8 44. Nb5 Rc5 45. Nd4 c3 46. Nxf3
cxd2+ 47. Kxd2 Rc2+ 48. Kd3 Rxb2 49. Kc3 Rf2 50. Kxb3 Rxf3+ 51. Kb4 Rf2 52. Kb5
Rxh2 53. Ka6 Ra2 54. Re3 Kd7 55. Rc3 g5 56. fxg5 hxg5 57. Kxa7 Re2 58. Kb6 Rxe5
59. a4 Re1 60. Rd3+ Ke7 61. a5 Rb1+ 62. Kc6 Ra1 63. Kb6 Rb1+ 64. Kc6 Ra1 65.
Kb6 f5 66. a6 f4 67. gxf4 gxf4 68. Kb7 Rb1+ 69. Kc6 Ra1 70. Kb7 Kf6 71. a7 Kf5
72. Rd6 Rxa7+ 73. Kxa7 f3 74. Kb6 e5 75. Kc5 f2 76. Rd8 Ke4 77. Rf8 Ke3 78. Kd5
Ke2 {normal Kd4} 1/2-1/2